Statistics for Born in Tallinn

Click here to take the quiz!

General Stats

  • This quiz has been taken 8 times
  • The average score is 8 of 14

Answer Stats

HintAnswer% Correct
Tennis player and highest-ranked Estonian player of all time1995Anett Kontaveit
100%
First female Prime Minister of Estonia since 20211977Kaja Kallas
100%
President of Estonia from 1992 to 20011929Lennart Meri
100%
Prime Minister of Estonia from 2002 to 20031948Siim Kallas
100%
Prime Minister of Estonia from 2016 to 20211978Jüri Ratas
71%
former Basketball player and only Estonian to have played in the NBA (Dallas Mavericks)1974Martin Müürsepp
71%
Computer programmer and investor, involved in the development of Skype1972Jaan Tallinn
43%
Prime Minister of Estonia from 2003 to 20051966Juhan Parts
43%
Poet, she was nominated for the Nobel Prize in Literature in 12 separate years1883Marie Under
43%
Prime Minister of Estonia from 2014 to 20161979Taavi Roivas
43%
Baltic German Nazi ideologue and head of the NSDAP Office of Foreign Affairs, he was sentenced to death at the Nuremberg trials1893Alfred Rosenberg
29%
former Footballer and Estonia's all-time record goalscorer1977Andres Oper
29%
President of Estonia from 1994 to 19951940Andres Tarand
29%
Writer, he was nominated for the Nobel Prize in Literature several years during the early 1990s1920Jaan Kross
29%

Score Distribution

Percentile by Number Answered

Percent of People with Each Score

Your Score History

You have not taken this quiz